| 000 | 00879nam a2200229 i 4500 | ||
|---|---|---|---|
| 001 | 70778 | ||
| 003 | ES-MaACL | ||
| 005 | 20250405233717.0 | ||
| 007 | t| | ||
| 008 | 040802s1920 sp ||||1| spa d | ||
| 100 | 1 |
_aGarofalo, Raffaele. _955622 |
|
| 245 | 1 | 3 |
_aLa criminología _b: estudio sobre el delito y sobre la teoría de la represión / _cpor Raffaele Garofalo ; con un apéndice sobre los términos del problema penal por Luis Carelli ; traducción por Pedro Dorado Montero. |
| 260 |
_aMadrid : _b[s.n., _c1920] ( _fImp. de Gabriel L. del Horno) |
||
| 300 |
_a528 p. ; _c23 cm. |
||
| 650 | 4 |
_aTeoría jurídica del delito. _9145060 |
|
| 650 | 4 |
_aTeoría de la pena. _9141747 |
|
| 650 | 4 |
_aCriminología. _9135832 |
|
| 700 | 1 |
_aCarelli, Luis. _935227 |
|
| 700 | 1 |
_aDorado Montero, Pedro, _d1861-1919 _945376 |
|
| 852 |
_aES-MaACL _jF-14870 |
||
| 999 |
_c70778 _d70778 |
||